000
00325nam a22001457a 4500
008
221207b ||||| |||| 00| 0 eng d
020
_a
9780077459420
041
_a
eng
080
_2
NINTH EDITION
_a
615.83
082
_a
615.83FAH
100
_a
16.2
101
_a
EGZ
245
_a
FIT&WELL
_c
FAHEY D TH
942
_2
udc
_c
BK
999
_c
59129
_d
59129